LEADER 01434oam 2200445zu 450 001 9910872492403321 005 20241212215308.0 035 $a(CKB)1000000000022397 035 $a(SSID)ssj0000454091 035 $a(PQKBManifestationID)12160741 035 $a(PQKBTitleCode)TC0000454091 035 $a(PQKBWorkID)10487945 035 $a(PQKB)10596173 035 $a(EXLCZ)991000000000022397 100 $a20160829d2004 uy 101 0 $aeng 181 $ctxt 182 $cc 183 $acr 200 10$a2004 International Conference on Information Technology: Research and Education 210 31$a[Place of publication not identified]$cI E E E$d2004 300 $aBibliographic Level Mode of Issuance: Monograph 311 08$a9780780386259 311 08$a0780386256 606 $aEducation$2HILCC 606 $aSocial Sciences$2HILCC 606 $aTheory & Practice of Education$2HILCC 610 $ae-learning$amultimedia$aonline collaboration 615 7$aEducation 615 7$aSocial Sciences 615 7$aTheory & Practice of Education 676 $a371.33/44678 701 $aBoyle$b Tom$c(Professor)$01236213 701 $aOriogun$b P$g(Peter K.)$01236214 701 $aPakstas$b Algirdas$01236215 801 0$bPQKB 906 $aPROCEEDING 912 $a9910872492403321 996 $a2004 International Conference on Information Technology: Research and Education$92870666 997 $aUNINA